Agglomerations of Australia Quiz Stats

 Plays Quiz not verified by Sporcle

Also try: Europe (Redux)
Challenge
Share
Tweet
Embed
Score 0/20 Timer 04:00
0 Plays Today
Rank Agglomeration % Correct
1Sydney, NSW
99.5%
2Melbourne, VIC
98.6%
4Perth, WA
97.2%
3Brisbane, QLD
94.5%
5Adelaide, SA
93.1%
16Darwin, NT
87.2%
8Canberra, ACT
85.8%
11Hobart, TAS
80.3%
6Gold Coast, QLD
77.5%
14Cairns, QLD
67.4%
Rank Agglomeration % Correct
7Newcastle, NSW
67%
12Geelong, VIC
54.1%
9Wollongong, NSW
53.2%
10Sunshine Coast, QLD
49.1%
13Townsville, QLD
49.1%
17Launceston, TAS
38.1%
19Ballarat, VIC
34.9%
15Toowoomba, QLD
33%
20Bendigo, VIC
32.1%
18Albury, NSW
30.3%

You're not logged in!

Compare scores with friends on all Sporcle quizzes.
Join for Free
OR
Log In

You Might Also Like...

Show Comments

Extras

Top Quizzes Today


Score Distribution

Your Account Isn't Verified!

In order to create a playlist on Sporcle, you need to verify the email address you used during registration. Go to your Sporcle Settings to finish the process.

Report this User

Report this user for behavior that violates our Community Guidelines.

Details: